Most streamed Dua Lipa songs - Statistieken

Algemene statistieken
  • Deze quiz is 15 keer genomen
  • De gemiddelde score is 6 van 15
Antwoordstatistieken
# Streams Antwoord % Correct
2 1.748.000.000 New Rules
83%
4 1.514.000.000 Levitating
75%
3 1.584.000.000 One Kiss
67%
15 515.000.000 Be the One
58%
5 1.318.000.000 IDGAF
50%
10 720.000.000 Physical
50%
1 2.025.000.000 Don't Start Now
42%
7 1.064.000.000 Scared to be Lonely
42%
8 940.000.000 Break My Heart
33%
6 1.168.000.000 Cold Heart
33%
14 521.000.000 Kiss and Make Up
33%
9 782.000.000 No Lie
33%
13 543.000.000 Electricity
17%
12 564.000.000 Prisoner
8%
11 691.000.000 Un Dia
8%
Geen overeenkomende quizzen gevonden
Scoreverdeling
Procent van Mensen met Elke Score
Percentiel versus Aantal Correcte Antwoorden
Uw Scoregeschiedenis
U heeft deze quiz nog niet genomen